Perkhidmatan Awam Malaysia Bertaraf Dunia = Towards A World Class Malaysian Civil Service : Selected Speeches Of Tan Sri Dato' Seri Ahmad Sarji Bin Abdul Hamid, Chief Secretary to the Government, Malaysia / (Record no. 27196)
[ view plain ]
| 000 -LEADER | |
|---|---|
| fixed length control field | 01192nam a22002777a 4500 |
| 001 - CONTROL NUMBER | |
| control field | 0000003577 |
| 003 - CONTROL NUMBER IDENTIFIER | |
| control field | PPM |
| 005 - DATE AND TIME OF LATEST TRANSACTION | |
| control field | 20260416104810.0 |
| 008 - FIXED-LENGTH DATA ELEMENTS--GENERAL INFORMATION | |
| fixed length control field | 260416b ||||| |||| 00| 0 eng d |
| 020 ## - INTERNATIONAL STANDARD BOOK NUMBER | |
| International Standard Book Number | 9679933520 |
| Terms of availability | RM 70.00 |
| Qualifying information | Hardback |
| 035 ## - SYSTEM CONTROL NUMBER | |
| System control number | 0000003577 |
| 040 ## - CATALOGING SOURCE | |
| Language of cataloging | Malay |
| Transcribing agency | Pusat Penyelidikan Mineral, Jabatan Mineral Dan Geosains Malaysia |
| Modifying agency | PPM |
| Description conventions | RDA |
| 082 00 - DEWEY DECIMAL CLASSIFICATION NUMBER | |
| Edition number | 19 |
| Classification number | 354.5950 |
| Item number | AHM 1996 |
| 100 1# - MAIN ENTRY--PERSONAL NAME | |
| Personal name | Ahmad Sarji Abdul Hamid, Tan Sri, Dato' Seri, |
| Dates associated with a name | 1938- |
| Relator term | author |
| 245 10 - TITLE STATEMENT | |
| Title | Perkhidmatan Awam Malaysia Bertaraf Dunia = Towards A World Class Malaysian Civil Service : Selected Speeches Of Tan Sri Dato' Seri Ahmad Sarji Bin Abdul Hamid, Chief Secretary to the Government, Malaysia / |
| Statement of responsibility, etc. | oleh Ahmad Sarji bin Abdul Hamid |
| 260 #1 - PUBLICATION, DISTRIBUTION, ETC. | |
| Place of publication, distribution, etc. | Kuala Lumpur : |
| Name of publisher, distributor, etc. | Institut Tadbiran Awam Negara (INTAN) , |
| Date of publication, distribution, etc. | 1996 |
| 300 00 - PHYSICAL DESCRIPTION | |
| Extent | xix, 378 pages .: |
| Other physical details | table, illustrations.; |
| Dimensions | 22 cm |
| 650 10 - SUBJECT ADDED ENTRY--TOPICAL TERM | |
| Topical term or geographic name entry element | Civil service |
| Geographic subdivision | Malaysia |
| 650 20 - SUBJECT ADDED ENTRY--TOPICAL TERM | |
| Topical term or geographic name entry element | Public administration |
| Geographic subdivision | Malaysia |
| 650 20 - SUBJECT ADDED ENTRY--TOPICAL TERM | |
| Topical term or geographic name entry element | Leadership |
| 650 20 - SUBJECT ADDED ENTRY--TOPICAL TERM | |
| Topical term or geographic name entry element | Quality assurance |
| Geographic subdivision | Malaysia |
| 650 20 - SUBJECT ADDED ENTRY--TOPICAL TERM | |
| Topical term or geographic name entry element | Corporations |
| Geographic subdivision | Malaysia |
| 650 20 - SUBJECT ADDED ENTRY--TOPICAL TERM | |
| Topical term or geographic name entry element | Information technology |
| Geographic subdivision | Malaysia |
| 710 2# - ADDED ENTRY--CORPORATE NAME | |
| Corporate name or jurisdiction name as entry element | Institut Tadbiran Awam Negara |
| 942 ## - ADDED ENTRY ELEMENTS (KOHA) | |
| Source of classification or shelving scheme | |
| Koha item type | Books |
| Withdrawn status | Lost status | Source of classification or shelving scheme | Damaged status | Not for loan | Collection code | Permanent Location | Current Location | Shelving location | Date acquired | Cost, normal purchase price | Total Checkouts | Full call number | Date last seen | Price effective from | Koha item type |
|---|---|---|---|---|---|---|---|---|---|---|---|---|---|---|---|
| Available | Open Shelf | PPM | PPM | Open Shelf | 16/04/2026 | 70.00 | 354.5950 AHM 1996 | 16/04/2026 | 16/04/2026 | Books |